LEADER 03166 am 22006373u 450 001 9910279590903321 005 20190117 024 7 $a10.26530/OAPEN_1000193 035 $a(CKB)4100000004910875 035 $a(OAPEN)1000193 035 $a(WaSeSS)IndRDA00124888 035 $a(oapen)https://directory.doabooks.org/handle/20.500.12854/30936 035 $a(DE-B1597)647064 035 $a(DE-B1597)9781447348085 035 $a(MiAaPQ)EBC6859152 035 $a(Au-PeEL)EBL6859152 035 $a(OCoLC)1045426724 035 $a(EXLCZ)994100000004910875 100 $a20200624d2018 uy 0 101 0 $aeng 135 $auuuuu---auuuu 181 $ctxt$2rdacontent 182 $cc$2rdamedia 183 $acr$2rdacarrier 200 10$aLocal knowledge matters $epower, context and policy making in Indonesia /$fKharisma Nugroho, Fred Carden, Hans Antlov 205 $a1st ed. 210 $aBristol$cPolicy Press$d2018 210 1$aBristol, England :$cPolicy Press,$d2018. 215 $a1 online resource (192) 225 1 $aPolicy Press shorts. Research 311 $a1-4473-4808-7 320 $aIncludes bibliographical references and index. 327 $tFront Matter -- $tContents -- $tAcronyms -- $tForeword -- $tPreface -- $tIntroduction: local knowledge matters! -- $tForms of knowledge and policy influence -- $tLocal knowledge in democratic policy making -- $tStories of local knowledge -- $tGenerating and managing local knowledge -- $tUsing local knowledge in policy making -- $tConclusion: improving public policy through local assets -- $tReferences -- $tIndex 330 $a"Available Open Access under CC-BY-NC licence. This book explores the critical role that local knowledge plays in public policy processes as well as its role in the co-production of policy relevant knowledge with the scientific and professional communities. The authors consider the mechanisms used by local organisations and the constraints and opportunities they face, exploring what the knowledge-to-policy process means, who is involved and how different communities can engage in the policy process. Ten diverse case studies are used from around Indonesia, addressing issues such as forest management, water resources, maritime resource management and financial services. By making extensive use of quotes from the field, the book allows the reader to ?hear? the perspectives and beliefs of community members around local knowledge and its effects on individual and community life." 410 0$aPolicy Press shorts.$pResearch. 606 $aPolitical planning$zIndonesia 610 $aContext 610 $aIndonesia 610 $aKnowledge 610 $aLocal 610 $aPolicy 610 $aPower 610 $aPublic policy 610 $aScience 610 $aTraditional knowledge 615 0$aPolitical planning 676 $a320.6 700 $aNugroho$b Kharisma$0989750 702 $aCarden$b F$g(Fred), 702 $aAntlo?v$b Hans 801 0$bWaSeSS 801 1$bWaSeSS 906 $aBOOK 912 $a9910279590903321 996 $aLocal knowledge matters$92263780 997 $aUNINA LEADER 02015oam 2200517M 450 001 9910716327203321 005 20200213070623.6 035 $a(CKB)5470000002520866 035 $a(OCoLC)1065991774 035 $a(OCoLC)995470000002520866 035 $a(EXLCZ)995470000002520866 100 $a20071213d1926 ua 0 101 0 $aeng 135 $aurcn||||||||| 181 $ctxt$2rdacontent 182 $cc$2rdamedia 183 $acr$2rdacarrier 200 10$aTo commemorate the Battle of Westport. March 27, 1926. -- Committed to the Committee of the Whole House on the State of the Union and ordered to be printed 210 1$a[Washington, D.C.] :$c[U.S. Government Printing Office],$d1926. 215 $a1 online resource (6 pages) 225 1 $aHouse report / 69th Congress, 1st session. House ;$vno. 681 225 1 $a[United States congressional serial set ] ;$v[serial no. 8532] 300 $aBatch processed record: Metadata reviewed, not verified. Some fields updated by batch processes. 300 $aFDLP item number not assigned. 606 $aBattlefields 606 $aGovernment purchasing of real property 606 $aHistoric preservation 606 $aLegislative amendments 606 $aMilitary parks 607 $aMissouri$xHistory$yCivil War, 1861-1865 607 $aUnited States$xHistory$yCivil War, 1861-1865 608 $aLegislative materials.$2lcgft 615 0$aBattlefields. 615 0$aGovernment purchasing of real property. 615 0$aHistoric preservation. 615 0$aLegislative amendments. 615 0$aMilitary parks. 701 $aWurzbach$b Harry McLeary$f1874-1931$pRepublican (TX)$01386829 801 0$bWYU 801 1$bWYU 801 2$bOCLCO 801 2$bOCLCQ 906 $aBOOK 912 $a9910716327203321 996 $aTo commemorate the Battle of Westport. March 27, 1926. -- Committed to the Committee of the Whole House on the State of the Union and ordered to be printed$93506238 997 $aUNINA